|
|
|
|
| LEADER |
00879nam a2200217 a 4500 |
| 001 |
1273647 |
| 008 |
091123s1976 ctua b 001 0 eng d |
| 010 |
|
|
|a \\\75043334
|
| 020 |
|
|
|a 0300018622 :
|c $15.00
|
| 040 |
|
|
|a DLC
|c DLC
|d DLC
|
| 082 |
0 |
0 |
|a 301.44/43/0959
|2 18
|
| 100 |
1 |
|
|a Scott, James C.
|
| 245 |
1 |
4 |
|a The moral economy of the peasant :
|b rebellion and subsistence in Southeast Asia /
|c James C. Scott.
|
| 260 |
|
|
|a New Haven :
|b Yale University Press,
|c 1976.
|
| 300 |
|
|
|a ix, 246 p. :
|b ill. ;
|c 24 cm.
|
| 504 |
|
|
|a Includes bibliographical references and index.
|
| 541 |
1 |
|
|e 00000092
|
| 650 |
|
0 |
|a Peasants
|z Southeast Asia.
|
| 852 |
4 |
|
|a Ayesha Abed Library
|j General shelf
|
| 999 |
|
|
|c 5844
|d 5844
|
| 952 |
|
|
|0 0
|1 0
|2 ddc
|4 0
|6 301_444309590000000_SCO_1976
|7 0
|9 5821
|a BRACUL
|b BRACUL
|c GEN
|d 2009-12-02
|g 1222.00
|l 1
|m 19
|o 301.44430959 SCO
|p 3010000092
|r 2020-09-23
|s 2020-01-15
|t 1
|w 2009-12-02
|y BK
|